Impacto de la preparación en reducción de riesgo de desastres en la resiliencia de los productores agrícolas en las comunidades de Calzontes Arriba, Ochupse y Potrero Grande Arriba, Santa Ana (Registro nro. 35897)

Detalles MARC
000 -CABECERA
Longitud fija campo de control 01038nam a22002057a 4500
003 - IDENTIFICADOR DELl NÚMERO DE CONTROL
Identificador del número de control OSt
005 - FECHA Y HORA DE LA ÚLTIMA TRANSACCIÓN
Fecha y hora de la última transacción 20251014211643.0
008 - CÓDIGOS DE INFORMACIÓN DE LONGITUD FIJA
Códigos de información de longitud fija 150408b2023 slv spa
040 ## - FUENTE DE LA CATALOGACIÓN
Centro transcriptor BMC
082 ## - NÚMERO DE LA CLASIFICACIÓN DECIMAL DEWEY
Númeroo de clasificación 371.77
100 1# - PUNTO DE ACCESO PRINCIPAL-NOMBRE DE PERSONA
9 (RLIN) 49515
Nombre de persona Sánchez Rivas, Isidro Alexander
245 10 - MENCIÓN DE TÍTULO
Título Impacto de la preparación en reducción de riesgo de desastres en la resiliencia de los productores agrícolas en las comunidades de Calzontes Arriba, Ochupse y Potrero Grande Arriba, Santa Ana
Resto del título : Investigación, informe final
Mención de responsabilidad, etc. Isidro Alexander Sánchez Rivas
260 ## - PUBLICACIÓN, DISTRIBUCIÓN, ETC. (PIE DE IMPRENTA)
Lugar de publicación, distribución, etc. Santa Ana (El Salvador)
Nombre del editor, distribuidor, etc. Universidad Católica de El Salvador
Fecha de publicación, distribución, etc. 2025
300 ## - DESCRIPCIÓN FÍSICA
Extensión 85 h.
Dimensiones 28 cm
Otras características físicas + 1 USB, 8 GB, color plata
500 ## - NOTA GENERAL
Nota general Precede al tít.: Universidad Católica de El Salvador, Facultad de Ingeniería y Arquitectura
502 ## - NOTA DE TESIS
Nota de tesis Para optar al título de Maestría en gerencia y gestión ambiental
650 24 - PUNTO DE ACCESO ADICIONAL DE MATERIA - TÉRMINO DE MATERIA
9 (RLIN) 19007
Término de materia o nombre geográfico como elemento inicial Educación para la prevención de desastres
710 2# - PUNTO DE ACCESO ADICIONAL - NOMBRE DE ENTIDAD
Nombre de entidad o nombre de jurisdicción como elemento inicial Universidad Católica de El Salvador
Unidad subordinada Escuela de Posgrados
9 (RLIN) 19868
942 ## - ENTRADA DE ELEMENTOS AGREGADOS (KOHA)
Fuente de clasificaión o esquema Dewey Decimal Classification
Koha [por defecto] tipo de item 4- Trabajo de Graduación
Existencias
Suprimido Perdido Fuente de clasificación o esquema Estropeado Restricciones de uso No para préstamo Código de colección Localización permanente Localización actual Localización en estanter&íacute;as Fecha adquisición Fuente de adquisición Número de inventario Préstamos totales Signatura completa Código de barras Fecha última consulta Fecha del precio de reemplazo Tipo de item de Koha
NULL NULL Dewey Decimal Classification NULL Prestable NULL NULL Biblioteca Miguel de Cervantes - UNICAES Biblioteca Miguel de Cervantes - UNICAES Sala Principal 02/09/2025 Donación - Isidro Alexander Sánchez Rivas 001010   P- 001010 1053514 11/10/2025 11/10/2025 4- Trabajo de Graduación